Markets (Record no. 82636)
[ view plain ]
| 000 -LEADER | |
|---|---|
| fixed length control field | 01222cab a22002055a 4500 |
| 001 - CONTROL NUMBER | |
| control field | L150766 |
| 008 - FIXED-LENGTH DATA ELEMENTS--GENERAL INFORMATION | |
| fixed length control field | 100901e20100827xxk 000 0 eng d |
| 035 ## - SYSTEM CONTROL NUMBER | |
| System control number | (Sirsi) u150766 |
| 041 0# - LANGUAGE CODE | |
| Language code of text/sound track or separate title | eng |
| 100 1# - MAIN ENTRY--PERSONAL NAME | |
| Personal name | Shah, Aditi |
| 245 00 - TITLE STATEMENT | |
| Title | Markets |
| Remainder of title | North London |
| 260 ## - PUBLICATION, DISTRIBUTION, ETC. | |
| Date of publication, distribution, etc. | 2010 |
| 490 #0 - SERIES STATEMENT | |
| Series statement | Property Week |
| Volume/sequential designation | 76(34) 27 August 2010, 39-42(4) |
| 520 ## - SUMMARY, ETC. | |
| Summary, etc. | Development Securities, owner of the now empty Oriental City shopping centre in Colindale, may submit a new planning application in 2011 to revive the site. Developer Dandara intends to submit revised plans in 2011 for its Harrow residential scheme. Plans for the 178 acre Lee Valley regeneration site, Meridian Water, will be assessed this autumn. Quintain is preparing plans for a mixed-use development, phase two of its Wembley City scheme. Competition hots up to secure prelets for Enfield's 1.2m+ sq ft of available industrial space. Despite a fall in actual rents in some parts of north London retail landlords are not reducing their asking rents. |
| 590 ## - LOCAL NOTE (RLIN) | |
| Local note | KA |
| 651 #4 - SUBJECT ADDED ENTRY--GEOGRAPHIC NAME | |
| Geographic name | London |
| 690 ## - LOCAL SUBJECT ADDED ENTRY--TOPICAL TERM (OCLC, RLIN) | |
| Topical term or geographic name as entry element | PROPERTY-COMMERCIAL PROPERTY-COMMERCIAL PROPERTY MARKET |
| 690 ## - LOCAL SUBJECT ADDED ENTRY--TOPICAL TERM (OCLC, RLIN) | |
| Topical term or geographic name as entry element | PROPERTY-COMMERCIAL PROPERTY-COMMERCIAL PROPERTY FINANCE AND INVESTMENT |
| 942 ## - ADDED ENTRY ELEMENTS (KOHA) | |
| Suppress in OPAC | 0 |
| Withdrawn status | Lost status | Source of classification or shelving scheme | Damaged status | Not for loan | Home library | Current library | Shelving location | Date acquired | Total Checkouts | Full call number | Barcode | Date last seen | Copy number | Price effective from | Koha item type |
|---|---|---|---|---|---|---|---|---|---|---|---|---|---|---|---|
| Dewey Decimal Classification | London | London | Journal article | 01/09/2010 | L150766 | 150766-1001 | 06/08/2019 | 1 | 06/08/2019 | Journal article |